<?xml version="1.0" encoding="UTF-8"?>
<record
    xmlns:xsi="http://www.w3.org/2001/XMLSchema-instance"
    xsi:schemaLocation="http://www.loc.gov/MARC21/slim http://www.loc.gov/standards/marcxml/schema/MARC21slim.xsd"
    xmlns="http://www.loc.gov/MARC21/slim">

  <leader>00814nam a22002537a 4500</leader>
  <controlfield tag="005">20170123162350.0</controlfield>
  <datafield tag="010" ind1=" " ind2=" ">
    <subfield code="a">A-374666</subfield>
  </datafield>
  <datafield tag="020" ind1=" " ind2=" ">
    <subfield code="c">50.00</subfield>
  </datafield>
  <datafield tag="035" ind1=" " ind2=" ">
    <subfield code="a">A-374666</subfield>
  </datafield>
  <datafield tag="037" ind1=" " ind2=" ">
    <subfield code="b">Cen Lib/Ret</subfield>
  </datafield>
  <datafield tag="040" ind1=" " ind2=" ">
    <subfield code="a">DPL</subfield>
    <subfield code="b">UR</subfield>
  </datafield>
  <datafield tag="082" ind1=" " ind2=" ">
    <subfield code="a">270.1</subfield>
    <subfield code="b">&#x642; &#x627; &#x633; </subfield>
  </datafield>
  <datafield tag="100" ind1=" " ind2=" ">
    <subfield code="a">&#x642;&#x627;&#x633;&#x645;&#x6CC;&#x60C; &#x627;&#x62E;&#x644;&#x627;&#x642; &#x62D;&#x633;&#x6CC;&#x646; </subfield>
    <subfield code="9">111303</subfield>
  </datafield>
  <datafield tag="245" ind1=" " ind2=" ">
    <subfield code="a">/ &#x645;&#x648;&#x644;&#x627;&#x646;&#x627; &#x622;&#x632;&#x627;&#x62F; &#x6A9;&#x6CC; &#x642;&#x631; &#x622;&#x646;&#x6CC; &#x628;&#x635;&#x6CC;&#x631;&#x62A;</subfield>
    <subfield code="c">&#x627;&#x62E;&#x644;&#x627;&#x642; &#x62D;&#x633;&#x6CC;&#x646; &#x642;&#x627;&#x633;&#x645;&#x6CC; </subfield>
  </datafield>
  <datafield tag="246" ind1=" " ind2=" ">
    <subfield code="a">Muaana Azad ki qur-ani basirat /</subfield>
    <subfield code="b">by Ikhlaq Haseen Qasmi </subfield>
  </datafield>
  <datafield tag="260" ind1=" " ind2=" ">
    <subfield code="a">&#x62F;&#x6C1;&#x644;&#x6CC; </subfield>
    <subfield code="b">&#x645;&#x6A9;&#x62A;&#x628;&#x6C1; &#x631;&#x62D;&#x645;&#x62A; &#x639;&#x627;&#x644;&#x645; </subfield>
    <subfield code="c">1988</subfield>
  </datafield>
  <datafield tag="270" ind1=" " ind2=" ">
    <subfield code="a">&#x644;&#x627;&#x644; &#x6A9;&#x646;&#x648;&#x627;&#x6BA;</subfield>
    <subfield code="b">&#x62F;&#x6C1;&#x644;&#x6CC; </subfield>
  </datafield>
  <datafield tag="300" ind1=" " ind2=" ">
    <subfield code="a">368p.:</subfield>
    <subfield code="c">21cm(Hb)</subfield>
  </datafield>
  <datafield tag="650" ind1=" " ind2=" ">
    <subfield code="a"> &#x645;&#x630;&#x6C1;&#x628;</subfield>
    <subfield code="v"> </subfield>
    <subfield code="9">139168</subfield>
  </datafield>
  <datafield tag="650" ind1=" " ind2=" ">
    <subfield code="a"> &#x627;&#x633;&#x644;&#x627;&#x645;</subfield>
    <subfield code="9">139169</subfield>
  </datafield>
  <datafield tag="650" ind1=" " ind2=" ">
    <subfield code="a">Religion</subfield>
    <subfield code="9">139170</subfield>
  </datafield>
  <datafield tag="650" ind1=" " ind2=" ">
    <subfield code="a">Islam</subfield>
    <subfield code="9">5289</subfield>
  </datafield>
  <datafield tag="942" ind1=" " ind2=" ">
    <subfield code="2">ddc</subfield>
    <subfield code="c">UR</subfield>
    <subfield code="h">270.1</subfield>
    <subfield code="m">&#x642; &#x627; &#x633; </subfield>
  </datafield>
  <datafield tag="999" ind1=" " ind2=" ">
    <subfield code="c">109186</subfield>
    <subfield code="d">109186</subfield>
  </datafield>
  <datafield tag="952" ind1=" " ind2=" ">
    <subfield code="0">0</subfield>
    <subfield code="1">0</subfield>
    <subfield code="4">0</subfield>
    <subfield code="7">0</subfield>
    <subfield code="a">L</subfield>
    <subfield code="b">L</subfield>
    <subfield code="d">2016-02-24</subfield>
    <subfield code="e">Cen Lib/Ref</subfield>
    <subfield code="g">50.00</subfield>
    <subfield code="l">0</subfield>
    <subfield code="o">270.1 &#x642; &#x627; &#x633;</subfield>
    <subfield code="p">A-374666</subfield>
    <subfield code="r">2016-02-24 00:00:00</subfield>
    <subfield code="t">1</subfield>
    <subfield code="v">50.00</subfield>
    <subfield code="w">2016-02-24</subfield>
    <subfield code="y">UR</subfield>
  </datafield>
</record>
